| 000 | 00815cam a2200253 a 4500 | ||
|---|---|---|---|
| 001 | 4942173 | ||
| 005 | 20180308035243.0 | ||
| 008 | 960103s1996 ilu b 000 0 eng | ||
| 010 | _a 96001242 | ||
| 020 | _a0844246395 (alk. paper) | ||
| 020 | _a0844246409 (pbk. : alk. paper) | ||
| 040 |
_aDLC _cDLC _dDLC |
||
| 041 | _aeng | ||
| 080 | _a917.30023 | ||
| 082 | 0 | 0 |
_a917.30023 MIL _221 |
| 100 | 1 | _a39 | |
| 101 | _aMED | ||
| 245 | 1 | 0 |
_aOpportunities in travel careers / _cRobert Scott Milne ; foreword by William S. Norman. |
| 246 | 3 | 0 | _aTravel careers |
| 504 | _aIncludes bibliographical references (p. 123-124). | ||
| 906 |
_a7 _bcbc _corignew _d1 _eocip _f19 _gy-gencatlg |
||
| 942 |
_2ddc _cBK |
||
| 999 |
_c44396 _d44396 |
||